000 00229nam a2200097Ia 4500
008 230915s9999 xx 000 0 und d
050 _aT 9.H69 2003 VOL 17
100 _aBROWN,PARTWORKS
245 0 _aHOW IT WORKS
942 _cBK
999 _c202235
_d202235